000 00498nam a2200181Ia 4500
008 131103s9999 xx 000 0 und d
020 _a8170280028
_cRs.130
040 _aLoreto College
041 _aEnglish
082 _a491.43/BAH
_bLCLIB/39821
100 _aBahri,Hardev
245 _aLearner's Hindi - English Dictionary
_cHardev Bahri
260 _aDelhi
_bRajpal & Sons
_c1996
300 _axix,758 p.
_c 21 cm.
650 _aHindi - English Dictionary
850 _aLCLIB
942 _cBK
999 _c17706
_d68185